000 00642cam a22002053a 4500
001 44562
003 PGUSA
005 20140828084022.0
008 140101s2014||||xxu|||||s|||||000 | eng d
040 _aPGUSA
_beng
042 _adc
100 1 _aUre, Andrew
245 1 2 _aA Dictionary of Arts, Manufactures and Mines :
_bcontaining a clear exposition of their principles and practice
_h[electronic resource] /
_cAndrew Ure
260 _bProject Gutenberg,
_c2014
506 _aPublic domain in the USA.
516 _aElectronic text
830 0 _aProject Gutenberg
_v44562
856 4 0 _uhttp://www.gutenberg.org/ebooks/44562
942 _cEB
999 _c273813
_d273813